[Event "Santa Eulalia de Roncana 3rd"]
[Site "Santa Eulalia de Roncana"]
[Date "2009.11.14"]
[Round "7.3"]
[White "Rodriguez Del Bosque, Ian"]
[Black "Colome Martin, Eric"]
[Result "0-1"]
[WhiteElo "1700"]
[BlackElo "1700"]
[PlyCount "96"]
[EventDate "2009.10.03"]
[EventType "swiss"]
[EventRounds "9"]
[EventCountry "ESP"]
[SourceTitle "EXT 2024"]
[Source "ChessBase"]
[SourceDate "2023.10.10"]
[SourceVersion "1"]
[SourceVersionDate "2023.10.10"]
[SourceQuality "1"]

1. e4 d5 2. exd5 Qxd5 3. Nc3 Qa5 4. d3 c6 5. Bd2 Nf6 6. Ne4 Qc7 7. Nxf6+ exf6 8. Qe2+ Qe7 9. Nf3 Bg4 10. Qxe7+ Bxe7 11. Be2 Nd7 12. 0-0-0 Ne5 13. Rde1 Nxf3 14. Bxf3 Bxf3 15. gxf3 Rd8 16. Bb4 Rd7 17. Re2 Kd8 18. Bxe7+ Rxe7 19. Rxe7 Kxe7 20. Re1+ Kd8 21. a4 Re8 22. Rxe8+ Kxe8 23. b4 b6 24. c4 a6 25. d4 Kd7 26. Kb2 Kd6 27. c5+ bxc5 28. dxc5+ Kd5 29. Kc3 g5 30. h3 f5 31. Kd3 h5 32. Kc3 h4 33. Kd3 g4 34. fxg4 fxg4 35. Ke3 gxh3 36. Kf3 Kc4 37. b5 axb5 38. axb5 Kxb5 39. Kg4 h2 40. Kxh4 h1Q+ 41. Kg3 Kxc5 42. f4 Qf1 43. Kg4 Kd5 44. Kf5 c5 45. Kg5 Ke6 46. f5+ Qxf5+ 47. Kh6 Qg4 48. Kh7 Kf6 0-1

[Event "Santa Eulalia de Roncana 3rd"]
[Site "Santa Eulalia de Roncana"]
[Date "2009.10.17"]
[Round "3.4"]
[White "Rodriguez Del Bosque, Ian"]
[Black "Baltasar Diaz, Vicente"]
[Result "1-0"]
[WhiteElo "1700"]
[BlackElo "1804"]
[PlyCount "49"]
[EventDate "2009.10.03"]
[EventType "swiss"]
[EventRounds "9"]
[EventCountry "ESP"]
[SourceTitle "EXT 2024"]
[Source "ChessBase"]
[SourceDate "2023.10.10"]
[SourceVersion "1"]
[SourceVersionDate "2023.10.10"]
[SourceQuality "1"]

1. d4 g6 2. c4 Bg7 3. g3 d6 4. Bg2 Nf6 5. Nf3 0-0 6. 0-0 Bg4 7. Bg5 c5 8. e3 Ne4 9. Nbd2 Nxg5 10. h3 Nxf3+ 11. Nxf3 Bxf3 12. Bxf3 cxd4 13. Bxb7 Nc6 14. Bxa8 Qxa8 15. Qd2 dxe3 16. Qxe3 Bxb2 17. Rab1 Bd4 18. Qe4 Qd8 19. Kh2 f5 20. Qe6+ Kg7 21. Rfe1 Bxf2 22. Re2 Bd4 23. Rbe1 Bf6 24. c5 dxc5 25. Qxc6 1-0

[Event "Santa Eulalia de Roncana 3rd"]
[Site "Santa Eulalia de Roncana"]
[Date "2009.10.03"]
[Round "1.13"]
[White "Lopez Pajuelo, Sergi"]
[Black "Rodriguez Del Bosque, Ian"]
[Result "0-1"]
[WhiteElo "1732"]
[BlackElo "1700"]
[PlyCount "65"]
[EventDate "2009.10.03"]
[EventType "swiss"]
[EventRounds "9"]
[EventCountry "ESP"]
[SourceTitle "EXT 2024"]
[Source "ChessBase"]
[SourceDate "2023.10.10"]
[SourceVersion "1"]
[SourceVersionDate "2023.10.10"]
[SourceQuality "1"]

1. e4 e5 2. Nf3 Nc6 3. Bc4 Nd4 4. Nxe5 Bd6 5. Qh5 Nh6 6. Bxf7+ Kf8 7. d3 Nxc2+ 8. Kf1 Nxa1 9. Bxh6 Bxe5 10. Qxe5 Kxf7 11. Qxg7+ Ke6 12. Qg4+ Kf7 13. Qg7+ Ke6 14. Qg4+ Kd6 15. Bf4+ Kc6 16. e5 d6 17. Qf3+ d5 18. Nc3 Be6 19. d4 Rf8 20. Qd3 a6 21. Bh6 Bf5 22. Qf3 Rf7 23. e6 Rf6 24. Bg5 Be4 25. Nxe4 Rxf3 26. Bxd8 Rd3 27. Ke2 Rxd4 28. Ke3 Rxe4+ 29. Kf3 Nc2 30. Rg1 Rc4 31. e7 Kd7 32. b3 Nd4+ 33. Ke3 0-1